Optoelectronic devices design, modeling and simulation/ (Record no. 9469)

MARC details
000 -LEADER
fixed length control field 00564nam a22002057a 4500
003 - CONTROL NUMBER IDENTIFIER
control field OSt
005 - DATE AND TIME OF LATEST TRANSACTION
control field 20241104111422.0
008 - FIXED-LENGTH DATA ELEMENTS--GENERAL INFORMATION
fixed length control field 241104b |||||||| |||| 00| 0 eng d
020 ## - INTERNATIONAL STANDARD BOOK NUMBER
International Standard Book Number 0521875117
040 ## - CATALOGING SOURCE
Transcribing agency must
082 ## - DEWEY DECIMAL CLASSIFICATION NUMBER
Edition number 621.38 XUN
100 ## - MAIN ENTRY--PERSONAL NAME
Personal name Xunjing,Li
9 (RLIN) 19309
245 ## - TITLE STATEMENT
Title Optoelectronic devices design, modeling and simulation/
Statement of responsibility, etc. Li Xunjing
260 ## - PUBLICATION, DISTRIBUTION, ETC. (IMPRINT)
Place of publication, distribution, etc. UK:
Name of publisher, distributor, etc. Peason;
Date of publication, distribution, etc. c2004.
300 ## - PHYSICAL DESCRIPTION
Extent xvi,636p.:
Other physical details ill.;
Dimensions 23cm.
500 ## - GENERAL NOTE
General note Includes index
650 ## - SUBJECT ADDED ENTRY--TOPICAL TERM
Source of heading or term Optoelectronic devices
700 ## - ADDED ENTRY--PERSONAL NAME
Personal name edited by Gupta, S.C
9 (RLIN) 19310
942 ## - ADDED ENTRY ELEMENTS (KOHA)
Source of classification or shelving scheme Dewey Decimal Classification
Koha item type Book Bank
Holdings
Withdrawn status Lost status Source of classification or shelving scheme Damaged status Not for loan Home library Current library Date acquired Source of acquisition Inventory number Total Checkouts Barcode Date last seen Price effective from Koha item type
    Dewey Decimal Classification     MUST Main Library MUST Main Library 04/11/2024 purchase 13/37286   2024-22543 04/11/2024 04/11/2024 Book Bank
    Other/Generic Classification Scheme     MUST Main Library MUST Main Library 04/11/2024 purchase 13/37285   2024-22544 04/11/2024 04/11/2024 Book Bank